01515nam a22001937a 4500003000400000005001700004008004100021020002200062040002900084082002900113110009200142245006100234260005600295300000900351505056000360650027700920710001101197856011301208OSt20260617103151.0260617b |||||||| |||| 00| 0 spa d a978-9945-513-28-8 aIDEICEbspacIDEICEeRDA aIdeice 352.34 7293 R426p aInstituto Dominicano de Evaluación e Investigación de la Calidad Educativa , IDEICE aPlan Estratégico Institucional (PEI) 2025-2028cIDEICE aSanto Domingo, República DominicanabIDEICEc2026 c78p. aEl Plan Estratégico Institucional 2025–2028 del Instituto Dominicano de Evaluación e Investigación de la Calidad Educativa (Ideice) define la hoja de ruta que orienta su gestión para el fortalecimiento del sistema educativo preuniversitario dominicano. El documento establece las prioridades estratégicas del Instituto, alineadas con el Plan Horizonte de Educación 2034, las Metas de Gobierno 2024–2028 y los lineamientos nacionales de planificación, con el propósito de fortalecer la toma de decisiones educativas basada en evidencia. aEducación -- República Dominicana, Evaluación educativa -- República Dominicana, Indicadores Educativos, Investigación Educativa -- República Dominicana, Organización y gestión, Planificación Estratégica, Política Educativa -- República Dominicana. aIDEICE uhttps://ideice.gob.do/documentacion/publicaciones-id-229-plan-estrat-eacute-gico-institucional-pei-2025-2028